| 000 | nam a22 a 4500 | ||
|---|---|---|---|
| 999 |
_c343002 _d343002 |
||
| 003 | BLK | ||
| 005 | 20230405105452.0 | ||
| 008 | 180911b bul|||||r ||||||| ||bul|| | ||
| 010 | _a002663 | ||
| 040 | _aBLK | ||
| 041 |
_aBUL _cBUL |
||
| 080 |
_z 821.163.2-1(081) _aБългарска литература _b821.163.2 _x-1(081) |
||
| 100 |
_aХристов, Кирил _d1875-1944 _gПоет, писател, драматург, публицист, преводач _qГенчев, Кирил Христов _9396616 |
||
| 139 | _aХристов, Кирил | ||
| 245 | 0 | 0 |
_aИзбрани стихотворения _cКирил Христов; с предг. от Ив. Вазов |
| 246 | _pлирика-стихотворения | ||
| 260 |
_aСофия _bсп. Просвета _c1903 _fП. М. Бъзайтов |
||
| 300 |
_a320, VIII с., 1 л _bпортр. _c23 см |
||
| 380 | _a82 | ||
| 490 |
_aЧастна колекция - Академик Михаил Арнаудов _gДарение - Основен фонд _9396381 |
||
| 500 | _aМихаил Арнаудов: негови-книга-лист-ръкопис. - Михаил Арнаудов: подпис. - Датиране на книгата : 2. VIII. 65. Подчертавания и коментарии върху текста. Списък със заглавия на подбрани стихотворения и съответните страници в книгата : с. 188 | ||
| 500 | _aПълното име на авт. Кирил Христов Генчев | ||
| 520 | _a | ||
| 650 |
_aПоезия _9166642 |
||
| 653 | _aлирика | ||
| 653 | _aстихотворения | ||
| 655 |
_aбългарска литература _9480897 |
||
| 700 | 1 |
_aКирил Христов _9398309 |
|
| 700 | 1 |
_aИван Вазов _e Предг. _9398310 |
|
| 852 |
_aМА 1613 _bМА |
||
| 852 |
_aЦб 75371 _bЦб |
||
| 942 |
_cKNG _n0 _s1 |
||
| 944 |
_aCR _c2022-09-20 _kМикаела Микова-Илиева |
||
| 999 | _d343002 | ||
| 999 | _d343002 | ||